Hans Thieme zum 70. Geburtstag

Saved in:
Bibliographic Details
Main Author: Laufs, Adolf (Author)
Format: Article (Journal) Festschrift
Language:German
Published: 1976
In: Juristenzeitung
Year: 1976, Volume: 31, Issue: 14, Pages: 453
ISSN:0022-6882
Subjects:
Online Access: Get full text
Author Notes:Adolf Laufs, Heidelberg

MARC

LEADER 00000caa a22000002c 4500
001 1544026331
003 DE-627
005 20220813015710.0
007 tu
008 160713s1976 xx ||||| 00| ||ger c
035 |a (DE-627)1544026331 
035 |a (DE-576)474026337 
035 |a (DE-599)BSZ474026337 
035 |a (OCoLC)1340926188 
040 |a DE-627  |b ger  |c DE-627  |e rda 
041 |a ger 
084 |a 19  |2 sdnb 
100 1 |a Laufs, Adolf  |d 1935-2014  |e VerfasserIn  |0 (DE-588)10594131X  |0 (DE-627)481945652  |0 (DE-576)161921191  |4 aut 
245 1 0 |a Hans Thieme zum 70. Geburtstag  |c Adolf Laufs, Heidelberg 
246 3 0 |a siebzigsten 
264 1 |c 1976 
300 |a 1 
336 |a Text  |b txt  |2 rdacontent 
337 |a ohne Hilfsmittel zu benutzen  |b n  |2 rdamedia 
338 |a Band  |b nc  |2 rdacarrier 
655 7 |a Festschrift  |0 (DE-588)4016928-5  |0 (DE-627)104400986  |0 (DE-576)208917802  |2 gnd-content 
700 1 |a Thieme, Hans  |d 1906-2000  |e GefeierteR  |0 (DE-588)11862198X  |0 (DE-627)079410782  |0 (DE-576)209132590  |4 hnr 
773 0 8 |i Enthalten in  |t Juristenzeitung  |d Tübingen : Mohr Siebeck, 1951  |g 31(1976), 14, Seite 453  |w (DE-627)129079782  |w (DE-600)3202-5  |w (DE-576)01441242X  |x 0022-6882  |7 nnas  |a Hans Thieme zum 70. Geburtstag 
773 1 8 |g volume:31  |g year:1976  |g number:14  |g pages:453  |g extent:1  |a Hans Thieme zum 70. Geburtstag 
776 0 8 |i Erscheint auch als  |n Online-Ausgabe  |a Laufs, Adolf, 1935 - 2014  |t Hans Thieme zum 70. Geburtstag  |d 1976  |w (DE-627)1544026463  |w (DE-576)474026469 
951 |a AR 
992 |a 20160713 
993 |a Article 
998 |g 10594131X  |a Laufs, Adolf  |m 10594131X:Laufs, Adolf  |d 20000  |d 20600  |e 20000PL10594131X  |e 20600PL10594131X  |k 0/20000/  |k 1/20000/20600/  |p 1  |x j  |y j 
999 |a KXP-PPN1544026331  |e 2933242125 
BIB |a Y 
SER |a journal 
JSO |a {"origin":[{"dateIssuedKey":"1976","dateIssuedDisp":"1976"}],"id":{"eki":["1544026331"]},"type":{"bibl":"article-journal"},"relHost":[{"titleAlt":[{"title":"Juristen-Zeitung"},{"title":"JZ"},{"title":"JZ Information"},{"title":"JZ-Information"},{"title":"Sonderh."}],"part":{"text":"31(1976), 14, Seite 453","pages":"453","volume":"31","issue":"14","year":"1976","extent":"1"},"type":{"bibl":"periodical"},"note":["Ungezählte Beilage ab 2018: JZ Information","Verantw. Red.: Walter Mollmann"],"language":["ger"],"recId":"129079782","disp":"Hans Thieme zum 70. GeburtstagJuristenzeitung","title":[{"title_sort":"Juristenzeitung","title":"Juristenzeitung","subtitle":"JZ"}],"id":{"issn":["0022-6882"],"eki":["129079782"],"zdb":["3202-5"]},"pubHistory":["6.1951 -"],"origin":[{"dateIssuedKey":"1951","publisher":"Mohr Siebeck ; Mohr","publisherPlace":"Tübingen ; Tübingen","dateIssuedDisp":"1951-"}]}],"name":{"displayForm":["Adolf Laufs, Heidelberg"]},"person":[{"role":"aut","family":"Laufs","given":"Adolf","display":"Laufs, Adolf"},{"given":"Hans","display":"Thieme, Hans","family":"Thieme","role":"hnr"}],"recId":"1544026331","title":[{"title_sort":"Hans Thieme zum 70. Geburtstag","title":"Hans Thieme zum 70. Geburtstag"}],"language":["ger"],"physDesc":[{"extent":"1 S."}]} 
SRT |a LAUFSADOLFHANSTHIEME1976